Sports Quiz

Random Sports or MLB Quiz

MLB HR Leaders (1980s) Quiz Stats

 Plays Quiz Updated Nov 12, 2018

Support Sporcle.
Go Orange.
Score 0/24 Timer 08:00
2 Plays Today
HRs Player % Correct
313Mike Schmidt
89.1%
194Reggie Jackson
70.6%
204Cal Ripken, Jr.
65%
193George Brett
63.1%
308Dale Murphy
63.1%
210Jim Rice
63%
250Andre Dawson
62.6%
215Darryl Strawberry
61.2%
207Gary Carter
60.7%
274Eddie Murray
58.1%
223Dave Winfield
56.9%
256Dwight Evans
50.4%
HRs Player % Correct
230Darrell Evans
50.2%
216Jack Clark
49%
190Dave Kingman
44.3%
192Carlton Fisk
43.2%
201Kent Hrbek
36.3%
197Jesse Barfield
27.9%
225Tony Armas
26.7%
225Lance Parrish
26.5%
191Pedro Guerrero
24.9%
189Harold Baines
24.5%
208Tom Brunansky
16.3%
189Brian Downing
13.8%

From the Vault

Who-What-When-Where Match-up

by needapausebutton

History 7m
This quiz asks a lot of questions.
Remove Ads.
Support Sporcle.
Get the best of Sporcle when you Go Orange. This ad-free experience offers more features, more stats, and more fun while also helping to support Sporcle. Thank you for becoming a member.

Show Comments

Extras

Top Quizzes Today


Score Distribution

Your Account Isn't Verified!

In order to create a playlist on Sporcle, you need to verify the email address you used during registration. Go to your Sporcle Settings to finish the process.

Report this User

Report this user for behavior that violates our Community Guidelines.

Details: